Cấp cứu nội khoa

保存先:
書誌詳細
第一著者: Larcan, Alain
フォーマット: 図書
言語:Undetermined
出版事項: Hà Nội Y Học 1997
主題:
タグ: タグ追加
タグなし, このレコードへの初めてのタグを付けませんか!
Thư viện lưu trữ: Trung tâm Học liệu Trường Đại học Cần Thơ
LEADER 00512nam a2200169Ia 4500
001 CTU_21935
008 210402s9999 xx 000 0 und d
082 |a 616.0252 
082 |b L319 
100 |a Larcan, Alain 
245 0 |a Cấp cứu nội khoa 
245 0 |c Alain Larcan, Marie-Claude Laprevote-Heule 
260 |a Hà Nội 
260 |b Y Học 
260 |c 1997 
650 |a Emergency medical service,Medical emergencies,Rescue work 
980 |a Trung tâm Học liệu Trường Đại học Cần Thơ